Rozpoznaj 10 najlepszych teleturnieji - Statystyki

Ogólne statystyki
  • Ten quiz został rozwiązany 63 razy
  • Średni wynik to 6 z 10
Statystyki odpowiedzi
Obrazkowy Odpowiedź % Poprawnych
Jeden z Dziesięciu
98%
Milionerzy
97%
Familiada
94%
Postaw na Milion
81%
Awantura o Kasę
71%
Va Banque
58%
The Floor
50%
Idź na Całośc
31%
Wielka Gra
31%
Moment Prawdy
10%
Nie znaleziono quizów pasujących do podanych kryteriów
Rozkład punktacji
Procent ludzi z każdym wynikiem
Percentyl według liczby udzielonych odpowiedzi
Twoja historia wyników
Nie rozwiązałeś tego quizu